01423nam a2200277 a 450000100060000000300080000600500170001400800410003102000280007203500190010004000270011904100080014608200270015410000370018124501060021826000920032430000340041650400370045065000680048794200120055599900170056795201400058495201400072495201400086495201410100443276BD-RjUL20211209053656.0160620r19831978mnua b 001 0 eng  a0816608407 a0816608687 a(BD-RjUL)43394 aDLCcDLCdBD-RjULbeng aeng00a428.2407223bROT 19831 aRobinett, Betty Wallace.913292310aTeaching English to speakers of other languages :bsubstance and technique /cBetty Wallace Robinett. aMinneapolis :bUniversity of Minnesota Press,cc1978 [ Fourth paperback printing 1983 ] axiv, 321 p. :bill. ;c24 cm. aIncludes bibliography and index. 0aEnglish languagexStudy and teachingxForeign speakers.9118368 2ddccBK c43276d43276 00102ddc40708NFICaRUCLbRUCLcStackd1985-09-17eTappa Tulipg9.95l0o428.2407 ROT 1983r2016-06-20 00:00:00tC-2w2016-06-20yBK 00102ddc40708NFICaRUCLbRUCLcStackd1985-09-17eTappa Tulipg9.95l0o428.2407 ROT 1983r2016-06-20 00:00:00tC-3w2016-06-20yBK 00102ddc40708NFICaRUCLbRUCLcStackd1985-09-17eTappa Tulipg9.95l0o428.2407 ROT 1983r2016-06-20 00:00:00tC-4w2016-06-20yBK 00102ddc40708NFICaRUCLbRUCLcStackd1986-09-08eTopper Tulipg9.95l0o428.2407 ROT 1983r2016-08-30 00:00:00tC-5w2016-08-30yBK